000 00358nam a2200145Ia 4500
008 221030s9999 xx 000 0 und d
020 _a8175963077
041 _aEnglish
100 _aM. Krishnan
245 2 _aA Course in Grammar & Composition
_cby M. Krishnan
260 _bFoundation Books
_c2006
300 _a252
650 _aBB English
942 _cBK
999 _c18105
_d18105